Armor Sets in The Legend of Zelda: Breath of the Wild - Statistics

General Stats
  • This quiz has been taken 29 times
  • The average score is 13 of 25
Answer Stats
Answer % Correct
Regular Game Barbarian Set
86%
Regular Game Ancient Set
71%
Amiibo Of Time Set
71%
Regular Game Flamebreaker Set
64%
Regular Game Hylian Set
64%
Amiibo Of the Wind Set
64%
Amiibo Of Twilight Set
64%
Regular Game Zora Set
64%
Regular Game Dark Set
57%
Regular Game Soldiers Set
57%
Regular Game Gerudo Set
50%
Amiibo Of the Sky Set
50%
DLC Phantom Set
50%
Regular Game Snowquill Set
50%
Regular Game Stealth Set
50%
Amiibo Fierce Deity Set
43%
Amiibo Of the Hero Set
43%
Regular Game Rubber Set
43%
DLC Tingles Set
43%
Regular Game Climbers Set
36%
Regular Game Desert Voe Set
36%
DLC Phantom Ganon Set
36%
DLC Royal Guards Set
36%
Regular Game Radiant Set
21%
DLC Salvager Set
7%
No matching quizzes found
Score Distribution
Percent of People with Each Score
Percentile by Number Answered
Your Score History
You have not taken this quiz